Mi rebelión en Barcelona / (Record n. 34635)

Dettagli MARC
000 -LEADER
fixed length control field 00638nam a2200205 i 4500
003 - CONTROL NUMBER IDENTIFIER
control field IT-RoINE
005 - DATE AND TIME OF LATEST TRANSACTION
control field 20230417100638.0
008 - FIXED-LENGTH DATA ELEMENTS--GENERAL INFORMATION
fixed length control field 910101s1935 sp r ||spa d
040 ## - CATALOGING SOURCE
Original cataloging agency SpMaBN
Transcribing agency A2 IT-RoINE
Modifying agency IT-RoINE
100 1# - MAIN ENTRY--PERSONAL NAME
Personal name Azaña, Manuel,
Dates associated with a name 1880-1940
9 (RLIN) 3174
245 10 - TITLE STATEMENT
Title Mi rebelión en Barcelona /
Statement of responsibility, etc Manuel Azaña.
250 ## - EDITION STATEMENT
Edition statement 2ª ed.
260 ## - PUBLICATION, DISTRIBUTION, ETC. (IMPRINT)
Place of publication, distribution, etc Bilbao [etc.] :
Name of publisher, distributor, etc Espasa-Calpe,
Date of publication, distribution, etc 1935.
300 ## - PHYSICAL DESCRIPTION
Extent 358 p. ;
Dimensions 20 cm.
336 ## - CONTENT TYPE
Source rdacontent
Content type term text
337 ## - MEDIA TYPE
Source rdamedia
Media type term unmediated
338 ## - CARRIER TYPE
Source rdacarrier
Carrier type term volume
651 #4 - SUBJECT ADDED ENTRY--GEOGRAPHIC NAME
Geographic name España
General subdivision Historia
Chronological subdivision 1931-1939 (II República)
Form subdivision Relatos personales
9 (RLIN) 18151
942 ## - ADDED ENTRY ELEMENTS (KOHA)
Item type Monografías
Dati di copia
Withdrawn status Lost status Damaged status Not for loan Home library Current library Date acquired Total Checkouts Full call number Barcode Date last seen Price effective from Koha item type
        Iglesia Nacional Española en Roma Iglesia Nacional Española en Roma 07/07/2020   FUE.HIS 519 62539 07/07/2020 07/07/2020 Monografías